00458nam a22001457a 450000500170000000800410001702000150005804100130007308200120008610000120009824500920011026000550020230000290025765000260028620240809063420.0240809b |||||||| |||| 00| 0 eng d a0409016543 aEnglish  a349 SOU lEnglish aButterworths Consolidated Index and Noter-Up to the South African Law Reports 1973-1979 aDurban: bButterworth Publishers (Pty) Ltd, c1979 bix, 819 pages; c25 cm.  aLegal practice bLaw